Word Ladder: Magazines Quiz Stats

 Plays Quiz Updated May 28, 2012

Support Sporcle.
Go Orange.
Score 0/46 Timer 04:00
1 Play Today
Clue Answer % Correct
When all ____ fails...ELSE
93.2%
Goal of every OlympianGOLD
88.5%
____ Housekeeping•GOOD•
86.8%
Sports magazine named for its network•ESPN•
84%
Unwelcome fungusMOLD
83.8%
World's largest fashion magazine•ELLE•
81.9%
Prominent pelican featureBEAK
80.8%
World's largest weekly news magazine•TIME•
78.9%
Michelin productTIRE
78.8%
Stir eggs rapidlyBEAT
78.1%
Past dueLATE
76.1%
1970s US presidentFORD
75.6%
Leave ____ enough aloneWELL
74.8%
Entrance to a walled cityGATE
73.6%
What a bride becomes after her vowsWIFE
72.7%
[rung 12] & [rung 42], cooking magazine•FOOD•
71%
Kitten soundsMEWS
70.7%
DomesticatedTAME
70.5%
Gibson, Blanc and OttMELS
70.5%
Having fewer caloriesLITE
70.3%
News magazine known for photojournalism•LIFE•
69.2%
Vulcan Mind ____MELD
69.1%
Salamander cousinNEWT
67.8%
Clue Answer % Correct
James Van Der ____, of Dawson's CreekBEEK
66.8%
The Lawrence ____ ShowWELK
66.7%
Rad!NEAT
64.3%
Panicked shout on the trading floorSELL
63.3%
Suffix with silver or tupperWARE
62.7%
Opposite of aftFORE
61%
With [rung 25], rival of [rung 34]•NEWS•
60.8%
____ Informer•GAME•
60.2%
A spy who infiltrates the enemy's ranksMOLE
58.6%
French miss (abbrev.)MLLE
57.6%
Father on a farmSIRE
57.2%
With [rung 19], rival of [rung 34]•WEEK•
53.8%
Catch a glimpse ofESPY
53.6%
Feudal peasantSERF
53.4%
Women's beauty magazine•SELF•
49.9%
Decline in power and influenceWANE
49.3%
Women's lifestyle magazine•MORE•
47.2%
[rung 12] & [rung 42], cooking magazine•WINE•
46.9%
To be, in LatinESSE
45.2%
All dried upSERE
43.4%
Swedish actress PerssonESSY
37.1%
Magazine (for seniors) with largest US circulation•AARP•
35.9%
Secret passage for MarioWARP
34.8%

Today's Daily Dose

You're not logged in!

Compare scores with friends on all Sporcle quizzes.
OR
Log In
Forgot?

From the Vault

Movie Board Games by Rules

by Qaqaq

Gaming 10m
We hope the Toy Story board game includes "The Claw".
Remove Ads.
Support Sporcle.
Get the best of Sporcle when you Go Orange. This ad-free experience offers more features, more stats, and more fun while also helping to support Sporcle. Thank you for becoming a member.

Show Comments

Extras

Top Quizzes Today


Score Distribution

Your Account Isn't Verified!

In order to create a playlist on Sporcle, you need to verify the email address you used during registration. Go to your Sporcle Settings to finish the process.

Report this User

Report this user for behavior that violates our Community Guidelines.

Details: